00752cam a2200229 a 4500999001500000001000500015003000900020005001700029008004100046020001500087040003800102082001600140100002100156245007900177260004500256300004100301500002000342650001600362700001800378942001200396952011400408 c5744d57441302BD-DhUAP20201220161918.0201220s1996 nyuabf b f000 0 eng  a0582909899 aBD-DhUAPcBD-DhUAPdBD-DhUAPbEng a657 PEI223 aPeirson, Graham. aFinancial accounting :ban introduction /cGraham Peirson and Alan Ramsay. aMelbourne, Australia :bLongman,cc1996. a678 pages :billustrations ;c25 cm. aIncludes index. aAccounting. aRamsay, Alan. 2ddccBK 00102ddc4070aUAPCLbUAPCLcGeneral Stacksd2020-12-20o657 PEIp3010001302r2020-12-20t1w2020-12-20yBK